000 00631cab a2200205 4500
001 WB2930-76
008 090401t1993 xxu||||| |||| 00| 0 eng d
035 _a(Sirsi) u92197
041 _aeng
245 _aCoalfield enterprise zones announced
260 _c1993
350 _a0
490 _aDoE News Release
_v(520) 27 July 1993 (2)
520 _aThree coalfield areas are to be invited to apply for an enterprise zone in their area: Dearne Valley, Mansfield and Easington (County Durham).
650 _aCOAL MINING AREAS
650 _aENTERPRISE ZONES
690 _aURBAN RENEWAL
942 _n0
948 _c04/03/1997
999 _c58453
_d58453